Somos iguales / (Registro nro. 37198)

Detalles MARC
000 -CABECERA
Longitud fija campo de control 01246nam a2200253 4500
003 - • IDENTIFICADOR DELl NÚMERO DE CONTROL
Identificador del número de control CO-ViMGA
020 ## - • NÚMERO INTERNACIONAL NORMALIZADO PARA LIBROS
Número Internacional Normalizado para Libros (ISBN) 9789583049583
040 ## - FUENTE DE LA CATALOGACIÓN
Centro catalogador de origen CO-ViMGA
Lengua de catalogación spa
Centro transcriptor CO-ViMGA
100 1# - • PUNTO DE ACCESO PRINCIPAL-NOMBRE DE PERSONA
Nombre de persona Schimel, Lawrence,
Fechas asociadas al nombre 1971-
245 10 - • TITULO PROPIAMENTE DICHO
Título Somos iguales /
Mención de responsabilidad, etc. Lawrence Schimel ; ilustraciones de Ann De Bode ; edición Margarita Montenegro Villalba ; traducción Gina Marcela Orozco
300 ## - • DESCRIPCIÓN FÍSICA
Extensión 29 páginas, 3 páginas sin numerar :
Otras características físicas ilustraciones en color ; 31 cm
500 ## - • NOTA GENERAL
Nota general Recomendado para niños de 6 a 9 años
520 ## - • NOTA DE RESUMEN
Resumen, etc, "Kwame quiere unas gafas. Sus ojos están bien, pero su hermano, su mamá y su papá llevan gafas. ¡Ahora ustedes son iguales y yo no, y todo el mundo puede verlo! dice Kwame. Una cálida y tierna historia acerca de la adopción y el vínculo familiar".
534 ## - • Nota De Versión Original
Título Wij horen bij elkaar
650 14 - • PUNTO DE ACCESO ADICIONAL DE MATERIA - TÉRMINO DE MATERIA
Término de materia o nombre geográfico como elemento inicial Cuentos infantiles estadounidenses
Subdivisión cronológica Siglo xx
650 14 - • PUNTO DE ACCESO ADICIONAL DE MATERIA - TÉRMINO DE MATERIA
Término de materia o nombre geográfico como elemento inicial Literatura infantil estadounidense
Subdivisión cronológica Siglo xx
650 14 - • PUNTO DE ACCESO ADICIONAL DE MATERIA - TÉRMINO DE MATERIA
Término de materia o nombre geográfico como elemento inicial Vida cotidiana en la literatura
700 1# - • PUNTO DE ACCESO ADICIONAL - NOMBRE DE PERSONA
Nombre de persona Bode, Ann de,
Término indicativo de función il.
700 1# - • PUNTO DE ACCESO ADICIONAL - NOMBRE DE PERSONA
Nombre de persona Montenegro Villalba, Margarita,
Término indicativo de función ed.
700 1# - • PUNTO DE ACCESO ADICIONAL - NOMBRE DE PERSONA
Nombre de persona Orozco, Gina Marcela,
Término indicativo de función tr.
942 ## - ENTRADA DE ELEMENTOS AGREGADOS (KOHA)
Fuente de clasificaión o esquema Dewey Decimal Classification
Koha [por defecto] tipo de item LIbro
Existencias
Perdido Fuente de clasificación o esquema Estado Físico No para préstamo Forma de adquisición Localización permanente Localización actual Fecha adquisición Coste, precio normal de compra Préstamos totales Signatura completa Código de barras Fecha última consulta Fecha último préstamo Fecha del precio de reemplazo Tipo de item de Koha
  Dewey Decimal Classification     Sala Infantil Segundo Piso Biblioteca Pública Germán Arciniegas - Villavicencio Biblioteca Pública Germán Arciniegas - Villavicencio 02/28/2020 38.50 2 C SCHs 32120 10/10/2022 11/26/2021 02/28/2020 LIbro
  Dewey Decimal Classification     Sala Infantil Segundo Piso Biblioteca Pública Germán Arciniegas - Villavicencio Biblioteca Pública Germán Arciniegas - Villavicencio 02/28/2020 38.50 1 C SCHs 32119 05/26/2021 05/13/2021 02/28/2020 LIbro









Instituto Departamental de Cultura del Meta - Red Departamental de Bibliotecas Públicas del Meta.